[Event "Asia-ch Seniors"]
[Site "Tagaytay City"]
[Date "2023.10.20"]
[Round "8"]
[White "Sagario, Quirino"]
[Black "Mangubat, Mario"]
[Result "0-1"]
[WhiteElo "2020"]
[BlackElo "2038"]
[PlyCount "156"]
[EventDate "2023.10.15"]
[EventType "swiss"]
[EventRounds "9"]
[EventCountry "PHI"]
[SourceTitle "Mega2024 Update 01"]
[Source "Chessbase"]
[SourceDate "2023.11.12"]
[SourceVersion "1"]
[SourceVersionDate "2023.11.12"]
[SourceQuality "1"]

1. c4 g6 2. Nc3 Bg7 3. Nf3 Nf6 4. g3 0-0 5. Bg2 d6 6. 0-0 Nc6 7. Rb1 e5 8. d3 h6 9. b4 a5 10. b5 Ne7 11. Ba3 Be6 12. Qc2 Rc8 13. Rfd1 b6 14. Nd2 Nh7 15. Nd5 f5 16. Nxe7+ Qxe7 17. Bb7 Rcd8 18. Bd5 Kh8 19. Bb2 Ng5 20. Bg2 f4 21. Ne4 Nh3+ 22. Bxh3 Bxh3 23. f3 h5 24. Kh1 Bf5 25. Nc3 fxg3 26. hxg3 Bc8 27. Kg2 Rf7 28. Rh1 Kg8 29. Nd5 Qe6 30. Rbf1 Rdf8 31. Qd2 a4 32. Qg5 Bb7 33. e4 c6 34. bxc6 Bxc6 35. g4 hxg4 36. fxg4 Rxf1 37. Rxf1 Rxf1 38. Kxf1 Bxd5 39. exd5 Qe8 40. Bc3 Bf8 41. Ke2 Be7 42. Qe3 Qc8 43. Kf3 Qd8 44. Qe4 Kg7 45. Bb2 Qh8 46. Kg2 Qh6 47. Qe2 Qf4 48. d4 a3 49. Bc3 e4 50. Bd2 e3 51. Bxe3 Qe4+ 52. Kg3 Bg5 53. Kf2 Bh4+ 54. Kf1 Qh1+ 55. Bg1 Qh3+ 56. Qg2 Qc3 57. Qe2 Bf6 58. Kg2 Bh4 59. Bh2 Qb2 60. Kf1 Qxd4 61. Kg2 Qb2 62. Kf1 Kh7 63. Bg1 Bf6 64. Qh2+ Kg7 65. Qxd6 Qb1+ 66. Kg2 Qxa2+ 67. Kh1 Qb3 68. Qc7+ Kh6 69. Qh2+ Kg5 70. Bf2 Qf3+ 71. Kg1 Qd1+ 72. Kg2 Qxg4+ 73. Kf1 Qf3 74. Kg1 Kf5 75. Bxb6 Qd1+ 76. Kg2 Qe2+ 77. Bf2 Qg4+ 78. Bg3 a2 0-1